| 000 | 00460nam a2200145Ia 4500 | ||
|---|---|---|---|
| 008 | 230917s9999||||xx |||||||||||||| ||und|| | ||
| 040 |
_e172703 _aMAIN |
||
| 041 | _aEnglish | ||
| 082 | _a891.431731 SA92Y | ||
| 100 | _aशुक्ल, आशुतोष प्रसाद | ||
| 245 | 0 | _aयुगयात्रा | |
| 260 |
_aदिल्ली _bसस्ता साहित्य भण्डार _c1974 |
||
| 300 | _a187 पृ. p. | ||
| 942 | _cHN | ||
| 999 |
_c161965 _d161965 |
||